Statistics for Countries of the World Olympics - Best Archery Nations

Click here to take the quiz!

General Stats

  • This quiz has been taken 99 times
  • The average score is 7 of 9

Answer Stats

MedalsCountry% Correct
16United States
97%
9China
91%
39South Korea
91%
5Japan
86%
7Soviet Union
83%
4Great Britain
74%
7Italy
73%
4Ukraine
31%
4Finland
29%

Score Distribution

Percentile by Number Answered

Percent of People with Each Score

Your Score History

You have not taken this quiz